| 000 | 00789cam a2200277 a 4500 | ||
|---|---|---|---|
| 001 | 46733 | ||
| 003 | BD-RjUL | ||
| 005 | 20211209054210.0 | ||
| 008 | 160804s1965 pk l 000 0 eng | ||
| 035 | _a(BD-RjUL)46852 | ||
| 040 |
_aDLC _cDLC _beng |
||
| 041 | _aeng | ||
| 082 |
_a346.5491059 _bCHT 1965 |
||
| 100 |
_aCHOUDHRY, A.M. _924195 |
||
| 110 | 1 |
_aPakistan. _9142440 |
|
| 245 | 1 | 4 |
_aThe Trusts Act, 1882 : _bAct no. II of 1882 / _cA.M. Choudhrt |
| 250 | _a3rd edi. | ||
| 260 |
_aRawalpindi : _bFederal Law House, _c1965 |
||
| 300 |
_axx, 88 p. ; _c23 cm. |
||
| 610 | 1 | 0 |
_aPakistan. _9142440 |
| 650 | 0 |
_aTrusts and trustees _zPakistan. _924198 |
|
| 700 | 1 |
_aBasit, Mohammad Abdul _924199 |
|
| 942 |
_2ddc _cBK |
||
| 999 |
_c46733 _d46733 |
||